000 00370nam a2200133Ia 4500
005 20260328104312.0
008 260328s9999||||xx |||||||||||||| ||und||
100 _aJenkins, Eric J .
245 0 _aDrawn to Design :
_b Analyzing Architecture Through Freehand Drawing /
_cEric J . Jenkins
260 _bBirkhäuser
300 _a310 p.
650 _aDISEÑO
942 _cBK
999 _c11019
_d11019